000
00266nam a22001217a 4500
008
180730b xxu||||| |||| 00| 0 eng d
082
_a
815.32
245
_a
Chinese link
_c
Wu, S.M
260
_c
2006
300
_a
4
_f
CD
440
_x
9780131546684
942
_2
ddc
_c
MX
999
_c
46680
_d
46680